000 00273nam a2200121Ia 4500
003 OSt
008 201106b ||||| |||| 00| 0 eng d
100 _a XIANG, Zhigang
245 _aComputer Graphics
260 _a N. Delhi
_b TMH
_c2016
300 _a407.
942 _2ddc
_cBK
999 _c6013
_d6013